000
00341nam a2200121 a 4500
005
20140414131856.0
008
100828s19uu xx 00 eng d
050
_a
FIL
_b
Y38 2007
100
_a
Dy-Liacco, Nikki
245
_a
The yellow paperclip with bright purple spots.
260
_a
Manila, Philippines :
_b
Adarna,
_c
2007.
999
_c
110456
_d
110456